000 00322nam a22001337a 4500
008 181023b xxu||||| |||| 00| 0 eng d
020 _a9781483379531
041 _aeng
080 _a311
100 _a51
101 _aSTA
245 _aEssential Statistics for the Behavioral Sciences
_cPrivitera, G.J
942 _2udc
_cBK
999 _c50708
_d50708